| 000 | 00683cam a2200217 4500 | ||
|---|---|---|---|
| 001 | J108703 | ||
| 008 | 000000n2000 000 0 eng u | ||
| 035 | _a(Sirsi) u108703 | ||
| 050 | _a346.410994 | ||
| 110 |
_aNabarro Nathanson _93048 |
||
| 245 | _aRooftop rents. Mobile phone aerial sites: an independent survey of property owners' negotiations with mobile phone companies | ||
| 260 |
_aLondon _bNabarro Nathanson _c2000 |
||
| 300 | _a11p. ; 30cm. | ||
| 650 | _aMOBILE PHONE MASTS | ||
| 650 | _aTELECOMMUNICATION MASTS | ||
| 650 | _aTELEPHONE MASTS | ||
| 650 | _aTELECOMMUNICATIONS ACT 1984 | ||
| 650 | _aRENTS | ||
| 690 | _aTRANSPORT AND COMMUNICATIONS | ||
| 942 | _n0 | ||
| 999 |
_c100844 _d100844 |
||